[Event "Athens Smaok U1900 op 35th"]
[Site "Athens"]
[Date "2016.04.01"]
[Round "4.13"]
[White "Sklikas, Nikolaos"]
[Black "Vavoulidis, Georgios"]
[Result "1/2-1/2"]
[WhiteElo "1398"]
[BlackElo "1544"]
[PlyCount "80"]
[EventDate "2016.03.04"]
[EventType "swiss"]
[EventRounds "7"]
[EventCountry "GRE"]
[SourceTitle "EXT 2024"]
[Source "ChessBase"]
[SourceDate "2023.10.10"]
[SourceVersion "1"]
[SourceVersionDate "2023.10.10"]
[SourceQuality "1"]

1. e4 d6 2. d4 g6 3. Nf3 Bg7 4. Be3 Nf6 5. Nc3 0-0 6. h3 Nbd7 7. Qd2 e5 8. d5 Ne8 9. g4 Ndf6 10. Bh6 a6 11. Bxg7 Nxg7 12. Be2 c5 13. a4 Bd7 14. Nh2 Rb8 15. f3 b5 16. a5 b4 17. Nd1 Bb5 18. c4 bxc3 19. Nxc3 Bxe2 20. Qxe2 Qc8 21. 0-0 Qb7 22. Rfb1 Nfe8 23. Nf1 Nc7 24. Nd2 Nb5 25. Nc4 Nxc3 26. bxc3 Qxb1+ 27. Rxb1 Rxb1+ 28. Kg2 Rfb8 29. Nb6 Rb5 30. Qd2 Ne8 31. c4 Rb4 32. Qg5 f6 33. Qd2 Nc7 34. Kg3 Kf7 35. Qh6 Rh8 36. g5 Ne8 37. Nc8 Rb8 38. Nb6 Rd8 39. h4 Ng7 40. gxf6 Nh5+ 1/2-1/2